Los cachorros
Uloženo v:
| Hlavní autor: | |
|---|---|
| Médium: | Kniha |
| Jazyk: | španělština |
| Vydáno: |
Barcelona
Lumen
1983
|
| Témata: | |
| Tagy: |
Přidat tag
Žádné tagy, Buďte první, kdo vytvoří štítek k tomuto záznamu!
|
MARC
| LEADER | 00000cam a2200000 a 4500 | ||
|---|---|---|---|
| 001 | UCF5870 | ||
| 003 | CL-VaPUC | ||
| 008 | 130328e19830000SP |||||||||||||||||spa|d | ||
| 020 | |a 8426440037 | ||
| 082 | 0 | 4 | |a Pe863 |b VAR |2 21 |
| 100 | 0 | |a Vargas Llosa, Mario |e author |9 318800 | |
| 245 | 1 | 4 | |a Los cachorros |
| 300 | |a 117 p | ||
| 942 | |c BK | ||
| 945 | |d 20130328 00:00:00 |a dcastane | ||
| 260 | |a Barcelona |b Lumen |c 1983 | ||
| 650 | 7 | |a NOVELAS PERUANAS |2 CL-VaPUC |9 567854 | |
| 650 | 0 | |a Literatura peruana |9 257452 | |
| 583 | |a last modification |c 20130328 10:53:00 |k Rodrigo Vera | ||
| 999 | |c 351263 |d 351261 | ||
| 952 | |0 0 |1 0 |4 0 |6 PE_863_000000000000000_VAR_1983 |7 0 |8 A |9 455267 |a BIBEDU |b BIBEDU |d 2019-11-22 |i 4956575 |o Pe863 VAR 1983 |p 4956575 |r 2019-11-22 |w 2019-11-22 |y BK |k LIT | ||